LEADER 01037naa a2200205 u 4500 001 000000098408 003 CaOOAMICUS 005 20070226130154.0 008 050531s1987 it u000 u fre u 035 $a11047794 040 $aIAR$bita 100 1 $aTurcan, Robert,$d1929-$0(OLS)http://pul/name/1101 245 10$aDéformation des modèles et confusion typologiques dans l'iconographie des sarcophages romains /$cRobert Turcan. 260 $aPisa :$bScuola Normale,$c1987. 300 $aS. 429-446 ;$c25 cm 730 0 $aAnnali della Scuola normale superiore di Pisa, Classe di lettere e filosofia$g[Spogli].$0(OLS)http://pul/title/24292 773 0 $tAnnali della Scuola Normale Superiore di Pisa$gSerie III, vol. XVII,2 (1987) 773 0 $tAnnali della Scuola normale superiore di Pisa, Classe di lettere e filosofia$w()16982 996 $6245$aDéformation des modèles et confusion typologiques dans l'iconographie des sarcophages romains$9(OLS)http://pul/title/125286 996 $6260$aPisa :$bScuola Normale$9(OLS)http://pul/publisher/79182 LEADER 01495nam a2200337 a 4500 001 000000120183 003 CaOOAMICUS 005 20100222094822.0 008 100222t2009 it d u000 u ita u 020 $a978-88-348-9541-2 040 $aPUL$bita$dReb 041 1 $aita$heng 100 1 $aFloridi, Luciano,$d1964-$0(OLS)http://pul/name/75158 245 10$aInfosfera :$betica e filosofia nell'età dell'informazione /$cLuciano Floridi ; introduzione di Terrell Ward Bynum. 260 $aTorino :$bG. Giappichelli,$c©2009. 300 $aix, 232 p. ;$c24 cm. 490 1 $aDigitalica ;$v08 500 $aTraduzione di Massimo Durante. 504 $aInclude riferimenti bibliografici ed indice. 504 $aBibliografia p. [225]-232. 650 4$aEtica informatica.$0(OLS)http://pul/subject/36477 650 4$aFilosofia dell'informazione.$0(OLS)http://pul/subject/36476 700 1 $aDurante, Massimo.$0(OLS)http://pul/name/70074 700 1 $aWard Bynum, Terrell.$0(OLS)http://pul/name/75159 830 0$aDigitalica ;$v08.$0(OLS)http://pul/title/140924 850 $aPUL 852 $aPUL$W1$xSL Filosofia 3$y81$m174. 9 FLOLU 1$j137821$qDDC 21$B136958$CPULBib$Z2$F136958 $H112684 $82 941 1 $a9 996 $6020$a978-88-348-9541-2$9(OLS)http://pul/number/143373 996 $6245$aInfosfera :$betica e filosofia nell'età dell'informazione$9(OLS)http://pul/title/151174 996 $6260$aTorino :$bG. Giappichelli$9(OLS)http://pul/publisher/49130